| 000 | 004780000a22001810004500 | ||
|---|---|---|---|
| 003 | MACL | ||
| 005 | 20160129114547.0 | ||
| 008 | 160129b xxu||||| |||| 00| 0 eng d | ||
| 040 |
_aMACL _cMACL |
||
| 041 | _aEnglish | ||
| 082 | _a515.63/MAR | ||
| 100 |
_aMaron, IA _935204 |
||
| 245 |
_aProblems In Calculus Of One Variable _bClassic Text Series |
||
| 260 |
_bArihant Prakashan,Meerut _aMeerut |
||
| 350 | _a105 | ||
| 650 |
_aMathematics _95682 |
||
| 942 |
_cBK _k515.63/MAR _2ddc |
||
| 999 |
_c44739 _d44739 |
||